Quizzes
Events
Quiz Creation
Community
Videos
Private Events
Remove Ads
Sign In
Join for FREE
Feedback
Dark Mode
Quiz Categories
Sports
Geography
Music
Movies
Television
Just For Fun
Miscellaneous
History
Literature
Language
Science
Gaming
Entertainment
Religion
Holiday
For Kids
Quiz Lab
Recent
Popular Today
Quiz Kudos Today
Editor Picks
Curator Picks
Quizzes by...
Day
Popularity
Type
Ratings
Length
Year
Community
Subscriptions
Recent Discussions
Orange Saloon
Badges
Playlists
Quests
Create
Leaderboards
Showdown
Live 5
Trivia Bingo
Activity
Puzzle Library
Sporcle Events
Private Events
Virtual Trivia
Globe League
Become a Host
Pub Owners
SporcleCon
Opinionation
Our Games
Videos
Blog
Mobile Apps
Partnerships
Remove Ads and Go Orange
Feedback
Geography
Country
Landmarks
City
State
Population
World
Capital
Continent
Flags
Europe
Africa
Asia
South America
North America
Oceania
Border
Canada
United Kingdom
Topography
United States
Geography
Country
Landmarks
City
State
Population
World
Capital
Continent
Flags
Europe
Africa
Asia
South America
North America
Oceania
Border
Canada
United Kingdom
Topography
United States
Random Quiz
Search Sporcle
×
Quiz Lab
Quiz Lab
Geography
Country
Type in answers that appear in a list
Type in answers that appear in a list
Classic
Best Score? Go Orange.
The World's Wealthiest Royals Stats
Can you name the the countries that have the wealthiest royals?
By
joewhitey
5m
15 Questions
710 Plays
710 Plays
710 Plays
Comments
Comments
Give Quiz Kudos
Give Quiz Kudos
-
- Ratings
hide this ad
Replay
Link that replays current quiz
Next Quiz
Link to next quiz in quiz playlist
You Got
0%
They Got
Avg Score
55%
Avg Friend Score
Upgrade to see
Score Distribution
Jump to the score distribution portion of the page
Score
0/15
Timer
05:00
0
Plays Today
Wealth
Country
% Correct
$650 million
United Kingdom
98.5%
$21 billion
Saudi Arabia
85.9%
$23 billion
United Arab Emirates
79.6%
$2 billion
Qatar
71.3%
$1.1 billion
Oman
66.2%
$300 million
Netherlands
62.7%
$20 billion
Brunei
61.7%
$500 million
Kuwait
61.3%
Wealth
Country
% Correct
$35 billion
Thailand
53.5%
$1.4 billion
Monaco
53%
$5 billion
Liechtenstein
38.5%
$1.5 billion
Morocco
36.1%
$18 billion (NOTE: Emirate)
Al Maktoum Dubai
32%
$200 million
Swaziland
22.5%
$1 billion (Note: does not rule country)
Aga Khan
3%
Quiz Playlist
Details
Report
Send in Message
Add To Playlist
Classic:
Type in answers that appear in a list
Quiz Source
Last Updated: Feb 16, 2017
Quiz Scoreboard
CHALLENGE
Sign Up to Join the Scoreboard
Show All
Scores
Hide
Comments
May contain spoilers
Recently Published
Pick 6: Fruits
by JohnFran
Miscellaneous
15s
Click the 1999 NBA Draft
by nibperrychub
Sports
2m
Alphabetical 'K' Countries by Flag Minefield
by ylime102
Geography
3m
More to Explore
Quiz From the Vault
Featured Blog Post
15 Basketball Trivia Facts You Can Be March Mad About
hide this ad
You Might Also Like...
Tags
Country Quiz
World Quiz
Royal
Ruler
Wealth
Wealthiest
Today's Top Quizzes in Geography
Browse Geography
hide this ad
Today's Top Quizzes in Country
Browse Country
Top Contributed Quizzes in Geography
1
Countries of the World - No Outlines Minefield
2
Pick 6: Mountains
3
Alphabetical 'L' Countries By Flag Minefield
4
Lietuvos savivaldybės (Lithuanian Municipalities)
5
Least Populated Answer: 'G' Countries
6
African Flag Reveal XXXVI
7
Pick 6: US States
8
Pick 6: National Parks
9
Alphabetical 'M' Countries By Flag Minefield
10
Complete the Map Snippet (Minefield) IX
Explore More
Trending Topics
Crossword
Anime
Harry Potter
NBA
Disney
Marvel
Kpop
Country
Pokémon
WWE
The Office
NFL
Song
Soccer
Puzzle
hide this ad
More By:
joewhitey
Quiz
Plays
Rating
Category
Featured
Created
Likely NBA Hall of Famers
4,940
3.57
Sports
Dec 4, 2009
Home Run Record Through the Years
1,177
3.69
Sports
Oct 24, 2009
MLB Career Slugging Percentage Leaders
900
4.43
Sports
Oct 9, 2009
The World's Wealthiest Royals
710
3.33
Geography
Nov 9, 2009
Great Conquerors
656
4.43
History
Oct 6, 2009
Go to Creator's Profile
Score Distribution
Quiz Creator Spotlight
joewhitey
Follow
Send a Message
Quizzes Created
-
Created Quiz Play Count
-
More By This Creator
Popular Quizzes Today
1
Find the US States - No Outlines Minefield
2
Countries of Asia Without Outlines Minefield
3
Pick 6: Fruits
4
Alphabetical 'K' Countries by Flag Minefield
5
The Countries of the World
6
Find the US States
7
Match the Book to the Film X
8
US States
More Geography Quizzes
It's Been a Slice: States and Provinces
Curator's Pick
Trending Quizzes
Pick 6: Mountains
Pick 6: Harry Potter
Pick 6: NFL Teams
Pick 6: Movie Franchises
Pick 6: Golfers
Recently Updated
NWSL Teams
pecheneg
Women's Final Four Teams by Year
bhenderson79
Presidents Quartet II
eogle
Anything But Clue(do)
eogle
Anything But Oceanian Capitals
eogle
Anything But 7
eogle
Anything But Thing
eogle
Word Ladder: February 29
pecheneg
Song Title Questions
pecheneg
Women's NCAA Tournament #1 Seeds
pecheneg
Trending Topics
Harry Potter
Kpop
Crossword
Marvel
Disney
NBA
Anime
NFL
Soccer
Pokémon
Puzzle
WWE
Song
The Office
Country
Your Account Isn't Verified!
In order to create a playlist on Sporcle, you need to verify the email address you used during registration. Go to your
Sporcle Settings
to finish the process.
Report this User
Report this user for behavior that violates our
Community Guidelines
.
Details:
Send Report
Go to the Sporcle.com Mobile Site →
Comments